El santo de la espada /

Guardado en:
Autor Principal: Rojas, Ricardo
Formato: Libro
Publicado: Buenos Aires : Anaconda, 1933
Materias:
Etiquetas: Agregar Etiqueta
Sin Etiquetas, Sea el primero en etiquetar este registro!
LEADER 00443nam a22001695a 4500
001 CEM.cems005530
005 20060221000000.0
008 130507s1933##################000#0#####d
003 CEMS
082 0 4 |a 923 
100 1 |a Rojas, Ricardo 
245 1 0 |a El santo de la espada / 
260 |a Buenos Aires :  |b Anaconda,  |c 1933 
300 |a 526 p. 
653 |a Biografias 
653 |a San martin 
859 |a CEMS  |b BIB. CEMS - 11 de abril  |h 923  |i Sa53-1r  |p 9796.81  |t Ej.1